000 00461nam a22001697a 4500
999 _c523825
_d523825
003 NUST
038 _awaseem
082 _a891.43905
_bRAV
100 _aMuhammad Khaleeq-Ur-Rehman
_914594
245 _aRavi 2012 /
_cMuhammad Khaleeq-Ur-Rehman
260 _aLahore :
_bG.C. University,
_c2012.
300 _a273 p. ;
500 _aPaperback.
880 _6100-02\r
_aمحمد خلیق الرحمان
880 _6245-02\r
_aراوی 2012 /
942 _2ddc
_cBK